Konštrukcia automobilov I

Bibliographic Details
Main Authors: Pivko, Štefan (Author), Kopiláková, Beáta, 1970- (Author)
Format: Software eBook
Language:Slovak
PhysicalDescription:1 CD-ROM farebný 12 cm
Published: Trenčín Trenčianska univerzita A. Dubčeka v Trenčíne, Fakulta špeciálnej techniky 2017
ISBN:9788080757953
Edition:Vydanie: prvé
Subjects:

MARC

LEADER 00000nam a2200000 4500
001 vtls011751797
003 SK-MaSNL
005 20260302021336.0
007 co cg muuua
008 180419s2017 xo | fqnp 000 0 slo
015 |a SNBS2018 
020 |a 9788080757953  |q (elektronická kniha) 
040 |a SNK  |b slo  |c SNK  |e rda 
041 0 |a slo 
044 |a xo  |c SK 
072 7 |a 629  |x Dopravné prostriedky  |2 konspekt 
080 |a 629.3.02  |2 2011 
080 |a 629.33  |2 2011 
080 |a 629.331  |2 2011 
080 |a 621.43  |2 2011 
080 |a (075.8)  |2 2011 
080 |a (0.034.44)  |2 2011 
100 1 |a Pivko, Štefan  |4 aut  |9 434627 
245 1 0 |a Konštrukcia automobilov I  |c Štefan Pivko, Beáta Kopiláková 
250 |a Vydanie: prvé 
264 1 |a Trenčín  |b Trenčianska univerzita A. Dubčeka v Trenčíne, Fakulta špeciálnej techniky  |c 2017 
300 |a 1 CD-ROM  |b farebný  |c 12 cm 
336 |a text  |b txt  |2 rdacontent 
337 |a počítač  |b c  |2 rdamedia 
338 |a počítačový disk  |b cd  |2 rdacarrier 
347 |a textový súbor  |b MS Word  |b PDF  |2 rda 
504 |a Obsahuje bibliografiu 
650 0 7 |a automobily  |2 SNKPH  |9 18879 
650 0 7 |a motorové vozidlá  |2 SNKPH  |9 1587 
650 0 7 |a konštrukcia vozidiel  |2 SNKPH  |9 417094 
650 0 7 |a spaľovacie motory  |2 SNKPH  |9 67366 
650 0 7 |a Automobiles  |2 SNKPHeng  |9 265520 
650 0 7 |a Motor vehicles  |2 SNKPHeng  |9 293513 
650 0 7 |a Motor vehicles construction  |2 SNKPHeng  |9 359394 
650 0 7 |a Internal combustion engines  |2 SNKPHeng  |9 305121 
655 7 |a CD-ROM  |2 SNKPH  |9 70236 
655 7 |a učebnice vysokých škôl  |2 SNKPH  |9 70191 
655 7 |a Textbooks (higher)  |2 SNKPHeng  |9 276436 
700 1 |a Kopiláková, Beáta,  |d 1970-  |4 aut  |9 158713 
919 |a 978-80-8075-795-3 
958 |a NB 
999 |c 1028538  |d 1030468 
952 |a SNK  |b SNK  |y PREZ  |7 0  |p 17A1323815  |o snkSCDM 9861  |i snk2018/8842  |8 0  |0 0  |1 0  |4 0  |d 2018-04-19  |l 0  |r 2026-02-24 13:46:22  |w 2026-02-24 
952 |t snkKON 629.331  |a SNKMST  |b SNKMST  |y PREZ  |7 0  |p 17A1323814  |o snkSCDM 9861 D1  |i snk2018/8843  |8 0  |0 0  |1 0  |4 0  |d 2018-04-19  |l 0  |r 2025-08-12 00:00:00  |w 2026-02-24